000 00949nac a22002777a 4500
001 BR8301890
003 BR-BrBNA
005 20240105115650.0
008 230509b bl.|||m| |||| 00| 0 por d
040 _aBR-BrBNA
_bpor
_cBiblioteca Nacional de Agricultura
072 _aK10
090 _a3290 BR8301890
100 1 _aVianna, N.G.
110 1 _aCentro de Pesquisa Agropecuaria do Tropico Umido, Belem, PA (Brasil)
245 1 _aConservacao de sementes de andiroba (Carapa guianensis Aubl.)
246 1 _a[Conservation of andiroba (Carapa guianensis Aubl.)seeds]
260 3 _aBelem, PA (Brasil):
_c1982.
300 _a10 p.
490 _aCircular Tecnica - Centro de Pesquisa Agropecuaria do Tropico Umido (Brazil)
_vno. 34
_xISSN 0100-7556
500 _a10 ref.; Summaries (En, Pt)
650 _aANDIROBA
650 _aSEMENTE
650 _aCONSERVACAO
909 _a202312
_bLúcia Elande
_c55
_dLúcia Elande
942 _2AGRIS
_n0
_cMS
999 _c275821
_d275821